01191nam a22002177a 4500003000900000008004100009040007100050082002000121245014800141260003000289300002800319440010200347505033100449650002000780650002000800650001500820650002100835700003000856710003200886710005500918AR-CdUCM190425b ||||| |||| 00| 0 spa d aMUNICIPALIDAD PROVINCIAL DEL CUSCOcBIBLIOTECA MUNICIPAL DEL CUSCO aSitua/N°8/1996 aSitua :bRevista semestral de la Facultad de Medicina Humana /cFacultad de Medicina Humana, Universidad Nacional de San Antonio Abad del Cusco aCusco :b[UNSAAC],c1996. a58 páginas. :c31 cm. aSitua revista semestral de la Facultad de Medicina Humana.nAño,4, N° 8, abril-setiembre 1996. aContenido: Contribución al los hospitales del Cusco. José Cáceres Pilares. -- Metodología cognoscitiva para las políticas de desarrollo andino . Santiago Saco. -- Retardo de crecimiento intraultrauterino un desafío para la salud publica. Zullini Da Costa. -- Salud humanismo y tecnología. Oscar Paredes Bando.... aMedicina humana aSalud pública aHospitales aCentros de Salud aCáceres Pilares, José aFacultad de Medicina Humana aUniversidad Nacional de San Antonio Abad del Cusco